El reinado de Carlos III en la historiografía americanista / (Record no. 182140)

MARC details
000 -LEADER
campo de control de longitud fija 00685nam a2200181 i 4500
001 - NÚMERO DE CONTROL
campo de control 182140
003 - IDENTIFICADOR DE NÚMERO DE CONTROL
campo de control ES-MaACL
005 - FECHA Y HORA DE LA ÚLTIMA TRANSACCIÓN
campo de control 20250805055627.0
008 - DATOS DE LONGITUD FIJA--INFORMACIÓN GENERAL
campo de control de longitud fija 130619s1960 sp |||| | spa d
100 0# - ENTRADA PRINCIPAL--NOMBRE DE PERSONA
Nombre de persona Calderón Quijano, José Antonio.
9 (RLIN) 33626
245 13 - MENCIÓN DEL TÍTULO
Título El reinado de Carlos III en la historiografía americanista /
Mención de responsabilidad, etc. José Antonio Calderón Quijano.
260 ## - PUBLICACIÓN, DISTRIBUCIÓN, ETC.
Lugar de publicación, distribución, etc. Sevilla :
Nombre del editor, distribuidor, etc. Revista de Estudios Hispanoamericanos,
Fecha de publicación, distribución, etc. 1960.
300 ## - DESCRIPCIÓN FÍSICA
Extensión P. [95]-97 ;
Dimensiones 24 cm.
595 ## -
-- Separata del nº 100 de la Revista Estudios Hispanoamericanos, Sevilla 1960.
600 04 - PUNTO DE ACCESO ADICIONAL DE MATERIA--NOMBRE DE PERSONA
Nombre de persona Carlos
Numeración III,
Títulos y otros términos asociados al nombre Rey de España
9 (RLIN) 35305
852 ## - LOCALIZACIÓN
Ubicación ES-MaACL
Número de control de estantería 2190-F-30
Holdings
Estatus retirado Estado de pérdida Estado de daño No para préstamo Colección Biblioteca de origen Biblioteca actual Ubicación en estantería Fecha de adquisición Fuente de adquisición Total de préstamos Signatura topográfica completa Código de barras Visto por última vez Precio de reemplazo Tipo de ítem Koha
        Colección de folletos Biblioteca del Ateneo de Madrid Biblioteca del Ateneo de Madrid Depósito folletos 19/06/2013     2190-F-30 1191409 23/02/2023 23/02/2023 Folleto